<?xml version="1.0" encoding="UTF-8"?>
<record
    xmlns:xsi="http://www.w3.org/2001/XMLSchema-instance"
    xsi:schemaLocation="http://www.loc.gov/MARC21/slim http://www.loc.gov/standards/marcxml/schema/MARC21slim.xsd"
    xmlns="http://www.loc.gov/MARC21/slim">

  <leader>00459nam a22001577a 4500</leader>
  <controlfield tag="005">20150403105614.0</controlfield>
  <controlfield tag="008">150403b        xxu||||| |||| 00| 0 eng d</controlfield>
  <datafield tag="020" ind1=" " ind2=" ">
    <subfield code="a">9789699199196</subfield>
  </datafield>
  <datafield tag="040" ind1=" " ind2=" ">
    <subfield code="c">PK-LaUMT</subfield>
  </datafield>
  <datafield tag="082" ind1=" " ind2=" ">
    <subfield code="a">KHC R 491.4231</subfield>
    <subfield code="b">EHS-A</subfield>
  </datafield>
  <datafield tag="100" ind1=" " ind2=" ">
    <subfield code="a">&#x627;&#x62D;&#x633;&#x627;&#x646; &#x628;&#x627;&#x62C;&#x648;&#x6C1;</subfield>
  </datafield>
  <datafield tag="245" ind1=" " ind2=" ">
    <subfield code="a">&#x622;&#x6A9;&#x6BE;&#x646; &#x644;&#x648;&#x6A9; &#x633;&#x6CC;&#x627;&#x646;&#x6D2;</subfield>
    <subfield code="c">&#x627;&#x62D;&#x633;&#x627;&#x646; &#x628;&#x627;&#x62C;&#x648;&#x6C1;</subfield>
  </datafield>
  <datafield tag="260" ind1=" " ind2=" ">
    <subfield code="a">&#x644;&#x627;&#x6C1;&#x648;&#x631;</subfield>
    <subfield code="b">&#x67E;&#x646;&#x62C;&#x627;&#x628; &#x627;&#x646;&#x633;&#x679;&#x6CC;&#x679;&#x648;&#x679; &#x622;&#x641; &#x644;&#x6CC;&#x646;&#x6AF;&#x648;&#x626;&#x62C; </subfield>
    <subfield code="c">2011</subfield>
  </datafield>
  <datafield tag="300" ind1=" " ind2=" ">
    <subfield code="a">487 &#x635;</subfield>
  </datafield>
  <datafield tag="942" ind1=" " ind2=" ">
    <subfield code="c">BK</subfield>
  </datafield>
  <datafield tag="999" ind1=" " ind2=" ">
    <subfield code="c">69123</subfield>
    <subfield code="d">69123</subfield>
  </datafield>
  <datafield tag="952" ind1=" " ind2=" ">
    <subfield code="0">0</subfield>
    <subfield code="1">0</subfield>
    <subfield code="4">0</subfield>
    <subfield code="7">0</subfield>
    <subfield code="a">01</subfield>
    <subfield code="b">01</subfield>
    <subfield code="d">2015-04-03</subfield>
    <subfield code="l">0</subfield>
    <subfield code="o">KHC R 491.4231 EHS-A</subfield>
    <subfield code="p">68755</subfield>
    <subfield code="r">2015-04-03 00:00:00</subfield>
    <subfield code="w">2015-04-03</subfield>
    <subfield code="y">BK</subfield>
  </datafield>
</record>
